Cadena de favores

Un niño imagina un curioso sistema para mejorar el mundo; hacer favores desinteresadamente. Para sorpresa de todos, la generosa propuesta causa furor entre la gente. Entretenida comedia con toques dramáticos y un eficaz reparto. En la novela en la que se basa el film, el personaje interpretado por S...

Descripción completa

Guardado en:
Autor Principal: Leder, Mimi.
Autor Corporativo: Pathé.
Otros Autores: Osment, Haley Joel; Reparto., Spacey, Kevin; Reparto., Hunt, Helen; Reparto., Bon Jovi, Jon; Reparto.
Formato: Deslizar
Idioma:Undetermined
Publicado: Estados Unidos : Warner Bros, 2000.
Materias:
Etiquetas: Agregar Etiqueta
Sin Etiquetas, Sea el primero en etiquetar este registro!
LEADER 01167ngm a22002415a 4500
001 CEM.cems020448
008 230914s2000####xx#---############vlund#d
005 20230914203230.0
245 1 0 |a Cadena de favores  |h [videograbación] /  |c Mimi Leder. 
260 |a Estados Unidos :  |b Warner Bros,  |c 2000. 
300 |a 120'. 
520 |a Un niño imagina un curioso sistema para mejorar el mundo; hacer favores desinteresadamente. Para sorpresa de todos, la generosa propuesta causa furor entre la gente. Entretenida comedia con toques dramáticos y un eficaz reparto. En la novela en la que se basa el film, el personaje interpretado por Spacey es de raza negra, lo que provocó cierta polémica en USA. 
590 |a Identificación anterior: 156 
538 |a Soporte: DVD -- Formato: MPEG – Peso: 668mb -- Resolución: 320 x 240 -- 25fps 
100 1 |a Leder, Mimi. 
700 1 |a Osment, Haley Joel; Reparto. 
700 1 |a Spacey, Kevin; Reparto. 
700 1 |a Hunt, Helen; Reparto. 
700 1 |a Bon Jovi, Jon; Reparto. 
710 2 |a Pathé. 
653 |a LARGOMETRAJE 
653 |a FICCIÓN 
859 |a CEMS  |b BIB. CEMS - Depto. Recursos Didacticos  |h 778.5  |i LED  |k DRD  |p 3110.23  |t Ej.1